000
00303nam a2200121Ia 4500
008
241015s9999 xx 000 0 und d
041
_a
eng
082
_a
338.5 MCE
100
_a
Mceachern
245
_a
Micro Econ With Mindtap
260
_b
Cengage Learning India
_a
Dehli
_c
2019
300
_a
390;. P. 27 cm
999
_c
41814
_d
41814